Comentarios al reglamento FIFA con anl̀isis de jurisprudencia de la DRC y del TAS

Bibliographic Details
Main Author: Crespo Přez, Juan de Dios
Corporate Author: Federacin̤ Internacional de Ft︢bol Asociacin̤
Other Authors: Frega Nava̕, Ricardo (coaut.)
Format: Unknown
Language:Spanish
Published: Madrid : Dykinson, 2010
Subjects:
Online Access:Acceso restringido

MARC

LEADER 00000ny a22000003n 4500
005 2011062709559.0
008 100928s2010 sp 000 0 spa d
020 |a 9788498499087 
035 |a 5015 
040 |a UPM  |d vLex 
090 |c 1084  |d 1084 
100 1 |a Crespo Přez, Juan de Dios 
245 1 0 |a Comentarios al reglamento FIFA  |h [Recurso electrn̤ico]  |b con anl̀isis de jurisprudencia de la DRC y del TAS  |c Juan de Dios Crespo Přez, Ricardo Frega Nava̕ 
256 |a Servicio en ln̕ea 
260 |a Madrid :  |b Dykinson,  |c 2010 
300 |a 267 p.  |c 21 cm 
506 1 |a Contenido solo disponible en los productos indicados  |d vLex Global  |d vLex Global (Academic Edition, excluding Law Schools)  |d vLex Global (U.S. Academic Edition, Law Schools)  |d vLex Global (U.S. Academic Edition, excluding Law Schools)  |d vLex Global (Academic Edition, Law Schools) 
650 0 4 |a Futbol  |x Reglas  
700 1 |a Frega Nava̕, Ricardo,  |e coaut. 
710 2 |a Federacin̤ Internacional de Ft︢bol Asociacin̤ 
740 0 |a vLex Libros (Servicios en ln̕ea) 
856 4 0 |u http://vlex.com/source/5015  |z Acceso restringido 
942 |c BOOK 
999 4 |a Contratos de trabajo 
999 4 |a Futbolistas 
999 4 |a Ft︢bol 
999 4 |a Reglamentos